| 000 | 00669nam a2200181Ia 4500 | ||
|---|---|---|---|
| 008 | 130821s1994 sp gr spa | ||
| 020 | _a8487699979 | ||
| 040 |
_aCo-BoUCM _bspa |
||
| 041 | _aspa | ||
| 100 | 1 |
_aHorkheimer, Max _d1895-1973 _955699 |
|
| 245 | 1 | 0 |
_aDialéctica de la ilustración Fragmentos filosóficos _cMax Horkheimer ; Theodor Wiesengrund Adorno ; Traducción de Juan José Sánchez |
| 260 |
_aMadrid (España) _bTrotta _c1994 |
||
| 300 | _a303 páginas | ||
| 490 | _aColección Estructuras y Procesos. Serie Filosofía | ||
| 765 | _aDialektik der Aufklarung | ||
| 942 |
_cLIBRO _a2 _e1 _mH67d _2DEWEY _h149.7 |
||
| 999 |
_c16747 _d16747 |
||